Bao gói thủy sản và sản phẩm thủy sản bán lẻ - Sổ tay kỹ thuật số 5
Kỹ thuật cũng như cách đóng gói trong sản phẩm thủy sản bán lẻ.
Zapisane w:
| Format: | Książka |
|---|---|
| Język: | Undetermined |
| Wydane: |
Hà Nội
Nông nghiệp
1999
|
| Hasła przedmiotowe: | |
| Etykiety: |
Dodaj etykietę
Nie ma etykietki, Dołącz pierwszą etykiete!
|
| Thư viện lưu trữ: | Trung tâm Học liệu Trường Đại học Cần Thơ |
|---|
| LEADER | 00671nam a2200193Ia 4500 | ||
|---|---|---|---|
| 001 | CTU_134830 | ||
| 008 | 210402s9999 xx 000 0 und d | ||
| 020 | |c 25000 | ||
| 082 | |a 664 | ||
| 082 | |b B108 | ||
| 245 | 0 | |a Bao gói thủy sản và sản phẩm thủy sản bán lẻ - Sổ tay kỹ thuật số 5 | |
| 245 | 0 | |c Biên dịch: Đỗ Kim Cương | |
| 260 | |a Hà Nội | ||
| 260 | |b Nông nghiệp | ||
| 260 | |c 1999 | ||
| 520 | |a Kỹ thuật cũng như cách đóng gói trong sản phẩm thủy sản bán lẻ. | ||
| 650 | |a Seafood industry | ||
| 904 | |i Giang | ||
| 980 | |a Trung tâm Học liệu Trường Đại học Cần Thơ | ||